000 00510nam a22001937a 4500
003 CEME
005 20210628202250.0
008 210113b xxu||||| |||| 00| 0 eng d
020 _a9789332555136
040 _c.
082 _a621.382 PRO
100 _aProakis, John G, Masoud Salehi
_959078
245 _aCommunicaiton systems engineering
250 _a2ND
260 _aINDIA
_bPEARSON EDUCATION
_c2015
300 _aXIV, 795P
700 _aCOMMUNICATION SYSTEMS ENGINEERING
_959079
942 _cBK
_2ddc
999 _c569132
_d569132